000
00202 a2200097 4500
001
55257
100
_a
245
_a
Chainfire
260
_a
London
_b
Harper & Row
_c
2005
090
_c
34219
_d
34219
942
_a
NUST-CAE
_c
MONOGRAPH
_c
26913
999
_c
290330
_d
290330